Colonies / (Record no. 184878)

000 -LEADER
fixed length control field 00535 a2200169 4500
003 - CONTROL NUMBER IDENTIFIER
control field Nust
005 - DATE AND TIME OF LATEST TRANSACTION
control field 20230306123036.0
040 ## - CATALOGING SOURCE
Transcribing agency Nust
082 ## - DEWEY DECIMAL CLASSIFICATION NUMBER
Classification number 320,BAR
100 ## - MAIN ENTRY--PERSONAL NAME
Personal name Walker,Eric A
9 (RLIN) 109870
245 ## - TITLE STATEMENT
Title Colonies /
Statement of responsibility, etc. Eric A Walker
260 ## - PUBLICATION, DISTRIBUTION, ETC.
Place of publication, distribution, etc. London
Name of publisher, distributor, etc. Cambridge
Date of publication, distribution, etc. 1945
300 ## - PHYSICAL DESCRIPTION
Extent 168:p
505 ## - FORMATTED CONTENTS NOTE
Formatted contents note Colonial Empires in their World (Page-1), The Policies of the Colonising Powers (Page-24), Colonial Conditions (Page-62), Constitutions Development and Welfare (Page-136).
650 ## - SUBJECT ADDED ENTRY--TOPICAL TERM
Topical term or geographic name entry element Colonies
9 (RLIN) 49695
942 ## - ADDED ENTRY ELEMENTS (KOHA)
Source of classification or shelving scheme
Koha item type Book
Holdings
Withdrawn status Lost status Source of classification or shelving scheme Damaged status Not for loan Permanent Location Current Location Shelving location Date acquired Full call number Barcode Date last seen Price effective from Koha item type Public note
          Military College of Signals (MCS) Military College of Signals (MCS) General Stacks 12/12/2016 320,BAR MCS29517 12/08/2016 12/12/2016 Book Almirah No.73, Shelf No.4
© 2023 Central Library, National University of Sciences and Technology. All Rights Reserved.